000
00315nam a22001457a 4500
008
230321b ||||| |||| 00| 0 eng d
020
_a
9780573010989
041
_a
eng
080
_a
159.9
082
_a
159.9RAT
100
_a
25
101
_a
PSI
245
_a
THE DEEP BLUE SEA
_c
RATTIGAN .T
942
_2
udc
_c
BK
999
_c
59415
_d
59415